MARC

LEADER 00000nam0a2200000 4500
001 202172
005 20231031185305.0
010 |a 5343006981 
035 |a (RuTPU)RU\TPU\book\220324 
090 |a 202172 
100 |a 20111007d1991 k y0rusy50 ca 
101 0 |a rus 
102 |a BY 
105 |a a z 001zy 
200 1 |a Голографические память и дисплеи  |f В. К. Ероховец  |g Академия наук Белорусской ССР (АН БССР), Институт технической кибернетики (ИТК) 
210 |a Минск  |c Наука и техника  |d 1991 
215 |a 223 с.  |c ил. 
320 |a Библиогр.: с. 217-221. 
610 1 |a запоминающие устройства 
610 1 |a голографическая память 
610 1 |a дисплеи 
610 1 |a информационные системы 
610 1 |a характеристики 
610 1 |a воспроизведение изображений 
610 1 |a микрозаписи 
610 1 |a поиск 
610 1 |a выборка 
610 1 |a считывание 
610 1 |a информационная техника 
675 |a 681.327.6  |v 3 
700 1 |a Ероховец  |b В. К.  |g Валерий Константинович 
712 0 2 |a Академия наук Белорусской ССР (АН БССР)  |b Институт технической кибернетики (ИТК)  |c (Минск)  |2 stltpush  |3 (RuTPU)RU\TPU\col\443 
801 1 |a RU  |b 63413507  |c 20111007 
801 2 |a RU  |b 63413507  |c 20170123  |g RCR 
942 |c BK